000 00769nam a2200241 i 4500
003 DO-SdBNP
005 20230928103433.0
006 a||||gr|||| 00| 0
007 ta
008 230928b |||||||| |||| 00| 0 eng d
040 _aDO-SdBNP
_bspa
_cBNPHU
_erda
082 4 _222
_bS446l
240 _a[Leyes, etc.]
245 1 0 _aLey orgánica de educación número 2909. /
246 _aLey orgánica de educación ; Ley sobre educación primaria obligatoria.
264 _aCiudad Trujillo, República Dominicana :
_bLa Palabra de Santo Domingo,
_c1956
300 _a44 páginas ;
_c22 cm.
336 _2rdacontent
_atexto
_btxt
337 _2rdamedia
_asin mediación
_bn
338 _2rdacarrier
_avolumen
_bnc
590 _aInventariado 2023 / MF
942 _2ddc
_cLF2
999 _c54993
_d54993